Thiết kế thiết bị xử lý bụi nhà máy xi-măng Hà Tiên, Kiên Giang : Luận văn tốt nghiệp đại học
Nội dung khảo sát và thu thập số liệu, tính toán thiết kế: miệng hút bụi, hệ thống ống dẫn khí bụi, thiết bị lọc bụi bằng túi vải.
Gorde:
| Egile nagusia: | |
|---|---|
| Formatua: | Liburua |
| Hizkuntza: | Undetermined |
| Argitaratua: |
Cần Thơ
Trường Đại học Cần Thơ
2004
|
| Gaiak: | |
| Etiketak: |
Etiketa erantsi
Etiketarik gabe, Izan zaitez lehena erregistro honi etiketa jartzen!
|
| Thư viện lưu trữ: | Trung tâm Học liệu Trường Đại học Cần Thơ |
|---|
| LEADER | 01070nam a2200229Ia 4500 | ||
|---|---|---|---|
| 001 | CTU_143206 | ||
| 008 | 210402s9999 xx 000 0 und d | ||
| 082 | |a 628.53 | ||
| 082 | |b T103 | ||
| 088 | |a 1990840 | ||
| 100 | |a Lê, Thành Tài | ||
| 245 | 0 | |a Thiết kế thiết bị xử lý bụi nhà máy xi-măng Hà Tiên, Kiên Giang : | |
| 245 | 0 | |b Luận văn tốt nghiệp đại học | |
| 245 | 0 | |c Lê Thành Tài ; Vũ Văn Nam (Giáo viên hướng dẫn) | |
| 260 | |a Cần Thơ | ||
| 260 | |b Trường Đại học Cần Thơ | ||
| 260 | |c 2004 | ||
| 520 | |a Nội dung khảo sát và thu thập số liệu, tính toán thiết kế: miệng hút bụi, hệ thống ống dẫn khí bụi, thiết bị lọc bụi bằng túi vải. | ||
| 650 | |a Agricultural machinery,Air,Environmental protection,Không khí,Bảo vệ môi trường | ||
| 650 | |x Pollution,Ô nhiễm | ||
| 904 | |i Tuyến | ||
| 980 | |a Trung tâm Học liệu Trường Đại học Cần Thơ | ||